| 000 | 00854cab a22002175a 4500 | ||
|---|---|---|---|
| 001 | L146191 | ||
| 008 | 081215e20081125xxko f v 000 0 eng d | ||
| 035 | _a(Sirsi) u146191 | ||
| 041 | 0 | _aeng | |
| 100 | 1 | _aPeaker, Giles | |
| 245 | 0 | 0 |
_aPractice trends _bhousing law |
| 260 | _c2008 | ||
| 490 | 0 |
_aSolicitors Journal _v152 (45) 25 November, 13-14 (2) |
|
| 520 | _aDiscusses the recent practice trends in housing law on the aspects of human rights, nuisance and anti-social behaviour, tolerated trespassers, and in view of the Disability Discrimination Act. Presents the reforms on legal aid and the impact on housing practices. | ||
| 590 | _aKA | ||
| 651 | 4 |
_aEngland and Wales _y1543- |
|
| 690 | _aPROPERTY-RESIDENTIAL PROPERTY-DOMESTIC RESIDENTIAL PROPERTY-HOUSING | ||
| 690 | _aPROPERTY AND LAND LAW | ||
| 700 | 1 | _aBates, Justin | |
| 942 | _n0 | ||
| 999 |
_c81073 _d81073 |
||